• 首页
  • 本馆介绍
  • 公告通知
  • 最新文献
  • 馆藏检索
  • 电子资源
  • 读者导购
  • 参考咨询
  • 我的图书馆
  • 登录
  • 详细信息显示
  • 放入我的书架
  • 预约/预借图书
  • 作者相关作品
  • 分类相关作品
  • 丛书相关作品
  • 出版社相关作品

书目信息

  • 表格格式
  • 工作单格式
  • 卡片格式
题名:
考研计算机专业基础综合历年真题标准解析
    
 
作者: ;全国硕士研究生入学统一考试辅导用书编委会 编
分册:  
出版信息: 北京   高等教育出版社  2013
页数: 273页
开本: 26cm
丛书名:
单 册:
中图分类: TP3-44
科图分类:
主题词: 电子计算机--硕士生--入学考试--题解
电子资源:
ISBN: 978-7-04-037297-7
000 01057nam0 2200241 450
001 0102869180
005 20130704191446.0
010    @a978-7-04-037297-7@dCNY36.00
100    @a20130531d2013 em y0chiy0120 ea
101 0  @achi
102    @aCN@b110000
105    @ay zq 000yy
106    @ar
200 1  @a考研计算机专业基础综合历年真题标准解析@9Kao Yan Ji Suan Ji Zhuan Ye Ji Chu Zong;Zeng He;Ge Li Nian Zhen Ti Biao Zhun Jie;Xie Xi @f全国硕士研究生入学统一考试辅导用书编委会[编]@b专著
210    @a北京@c高等教育出版社@d2013
215    @a273页@d26cm
300    @a考研计算机考试大纲配套系列辅导用书推荐 2014高教版
330    @a本书主要内容包括:2009-2013年计算机学科专业基础综合考试试题和详细解答;2006-2008年全国重点高校自主命题考试中选取有代表性的试题和题解。
606 0  @a电子计算机@x硕士生@x入学考试@j题解
690    @aTP3-44@v5
711 02 @a全国硕士研究生入学统一考试辅导用书编委会@4编@9quan guo shuo shi yan jiu sheng ru xue tong yi kao shi fu dao yong shu bian wei hui
801  0 @aCN@bAZmarc@c20230906
905    @aBZT@dTP3@e248@f1@sTP3/248
    
    考研计算机专业基础综合历年真题标准解析/全国硕士研究生入学统一考试辅导用书编委会[编].-北京:高等教育出版社,2013
    273页;26cm
    考研计算机考试大纲配套系列辅导用书推荐 2014高教版
    
    ISBN 978-7-04-037297-7:CNY36.00
    本书主要内容包括:2009-2013年计算机学科专业基础综合考试试题和详细解答;2006-2008年全国重点高校自主命题考试中选取有代表性的试题和题解。
●
相关链接 在五车中查询图书 在当当中查询图书 在豆瓣中查询图书


正题名:考研计算机专业基础综合历年真题标准解析     索取号:TP3/248         预约/预借

序号 登录号 条形码 馆藏地/架位号 状态 备注
山东省滨州职业学院图书馆 欢迎您!
大连网信软件有限公司© 版权所有